| Tag |
First Indicator |
Second Indicator |
Subfields |
| LEADER |
00000cam a2200000 a 4500 |
| 001 |
in00002765310 |
| 006 |
m d |
| 007 |
cr cn||||||||| |
| 008 |
120619s2012 nyu ob 001 0 eng d |
| 005 |
20250816204609.0 |
| 010 |
|
|
|z 2012024033
|
| 020 |
|
|
|z 9780230285774
|
| 020 |
|
|
|z 9781137265296 (e-book)
|
| 035 |
|
|
|a (CaPaEBR)ebr10587449
|
| 035 |
|
|
|a (OCoLC)802867727
|
| 040 |
|
|
|a CaPaEBR
|c CaPaEBR
|d UtOrBLW
|
| 043 |
|
|
|a e-uk---
|
| 050 |
1 |
4 |
|a PR116
|b .J63 2012eb
|
| 082 |
0 |
4 |
|a 820.9/9287
|2 23
|
| 100 |
1 |
|
|a Joannou, Maroula.
|
| 245 |
1 |
0 |
|a Women's writing, Englishness and national and cultural identity :
|b the mobile woman and the migrant voice, 1938-1962 /
|c Maroula Joannou.
|
| 264 |
|
1 |
|a Basingstoke, Hampshire [England] ;
|a New York :
|b Palgrave Macmillan,
|c 2012.
|
| 300 |
|
|
|a 1 online resource (ix, 228 pages)
|
| 336 |
|
|
|a text
|b txt
|2 rdacontent
|
| 337 |
|
|
|a computer
|b c
|2 rdamedia
|
| 338 |
|
|
|a online resource
|b cr
|2 rdacarrier
|
| 504 |
|
|
|a Includes bibliographical references and index.
|
| 505 |
0 |
|
|a Introduction: The mobile woman and the migrant voice -- The peoples war -- Austen and Englishness -- Englishness as history -- Present laughter -- My ain folk -- Indias of the mind -- In and out of Africa.
|
| 500 |
|
|
|a Electronic resource.
|
| 650 |
|
0 |
|a English literature
|x Women authors
|x History and criticism.
|
| 650 |
|
0 |
|a National characteristics, English, in literature.
|
| 650 |
|
0 |
|a Women and literature
|z Great Britain
|x History
|y 20th century.
|
| 655 |
|
7 |
|a Electronic books.
|2 local
|
| 710 |
2 |
|
|a ebrary, Inc.
|
| 856 |
4 |
0 |
|u https://ebookcentral.proquest.com/lib/tamucs/detail.action?docID=990153
|y Connect to the full text of this electronic book
|t 0
|
| 980 |
|
|
|a 121016
|b 80
|c USD
|e 80
|f YBP_EBR0000044549
|g 1
|
| 999 |
f |
f |
|s 5744dab8-fd19-35d0-81d0-975b82db6d6d
|i 0e82157c-891c-3a3e-b12d-c6bae46cf692
|t 0
|
| 999 |
|
|
|a MARS
|
| 952 |
f |
f |
|a Texas A&M University
|b College Station
|c Electronic Resources
|d Available Online
|t 0
|e PR116 .J63 2012eb
|h Library of Congress classification
|
| 998 |
f |
f |
|a PR116 .J63 2012eb
|t 0
|l Available Online
|